Statistiques concernant Les pays ayant un J dans leur nom

Cliquez ici pour prendre le quiz!

Statistiques générales

  • Ce quiz a été pris 290 fois
  • Le résultat moyen est 5 sur 7

Statistiques - réponses

Nom du pays % Correct
6Jordanie
91%
5Japon
85%
4Jamaïque
76%
7Tadjikistan
63%
1Azerbaïdjan
57%
3Fidji
48%
2Djibouti
43%

Distribution des résultats

Percentile by Number Answered

% des personnes avec chaque résultat

Votre développement - résultats

Vous n’avez pas pris ce quiz